[Event "Andalucia Absoluto"]
[Site "?"]
[Date "2007.??.??"]
[Round "?"]
[White "Weber, Francois"]
[Black "Cruz Ravina, Francisco J"]
[Result "0-1"]
[WhiteElo "2156"]
[BlackElo "2303"]
[PlyCount "130"]

1. e4 d5 2. exd5 Nf6 3. Nf3 Nxd5 4. d4 Bf5 5. Bd3 Bxd3 6. Qxd3 c6 7. c4 Nf6 8.
Nc3 e6 9. Bg5 Be7 10. Rd1 O-O 11. O-O Re8 12. Ne5 Nbd7 13. Qf3 Qa5 14. Bxf6
Nxf6 15. g4 c5 16. d5 Bd6 17. Nxf7 Bxh2+ 18. Kxh2 Qc7+ 19. d6 Qxf7 20. g5 Nd7
21. Qxf7+ Kxf7 22. f4 a6 23. a4 Kg6 24. Kg3 Rf8 25. Ne2 Rad8 26. Rd3 Rf5 27.
Rb3 Rb8 28. a5 Ne5 29. Re3 Nxc4 30. Rxe6+ Kf7 31. Re7+ Kf8 32. Re6 Re8 33.
Rxe8+ Kxe8 34. Rh1 Nxd6 35. Rxh7 Kf7 36. Nc3 c4 37. Rh5 Kg6 38. Rh1 Rxa5 39.
Re1 Kf7 40. Kg4 Nf5 41. g6+ Kf6 42. Re8 Nh6+ 43. Kf3 Rh5 44. Rb8 Kxg6 45. Rxb7
Kh7 46. Ra7 Rh2 47. Na4 Rc2 48. Ke4 Ng4 49. Kd4 Rf2 50. Ke4 Nf6+ 51. Ke3 Rc2
52. Rc7 Kg6 53. Kd4 Rf2 54. Ke3 Rc2 55. Kd4 Rd2+ 56. Ke3 Rd3+ 57. Ke2 Rh3 58.
Rxc4 Kf5 59. Nc5 Rh2+ 60. Kf1 Rxb2 61. Nxa6 Ne4 62. Rc7 Kg4 63. Rxg7+ Kf3 64.
Kg1 Nf2 65. Kh2 Ng4+ 0-1

[Event "Andalucia Absoluto"]
[Site "?"]
[Date "2007.??.??"]
[Round "?"]
[White "Garrido Dominguez, Jesus"]
[Black "Zamudio Diaz, Angel"]
[Result "1-0"]
[WhiteElo "2347"]
[BlackElo "2063"]
[PlyCount "109"]

1. e4 e6 2. d4 d5 3. Nd2 Nc6 4. Ngf3 Nf6 5. e5 Nd7 6. c4 dxc4 7. Bxc4 Nb6 8.
Bb5 Qd5 9. Qb3 Bd7 10. Bd3 Nb4 11. Be4 Qxb3 12. Nxb3 Bc6 13. Bb1 Bb5 14. Nc5
Bxc5 15. dxc5 Na4 16. Nd4 Bd7 17. a3 Nc6 18. Nxc6 Bxc6 19. b4 O-O 20. O-O Nc3
21. Bc2 Ne2+ 22. Kh1 Nxc1 23. Rfxc1 Rfd8 24. a4 a6 25. Rd1 Kf8 26. Kg1 Ke7 27.
f4 h6 28. g4 h5 29. gxh5 Rh8 30. Rd4 Rxh5 31. Rad1 Rah8 32. R1d2 Bd5 33. Be4 c6
34. Bxd5 cxd5 35. b5 Rc8 36. Rc2 a5 37. Rd3 Rh4 38. Rf3 f6 39. exf6+ Kxf6 40.
Kg2 Rg4+ 41. Kf2 Kf5 42. Ke3 Rg1 43. Rg3 Rxg3+ 44. hxg3 g5 45. g4+ Kf6 46.
fxg5+ Kxg5 47. Kd4 Kf6 48. Rf2+ Ke7 49. Rh2 Rg8 50. Rh7+ Kf6 51. Rxb7 Rxg4+ 52.
Kd3 e5 53. c6 Rc4 54. c7 e4+ 55. Kd2 1-0

[Event "Andalucia Absoluto"]
[Site "?"]
[Date "2007.??.??"]
[Round "?"]
[White "Fernandez Siles, Luis"]
[Black "Arboledas Fernandez, Antonio"]
[Result "1-0"]
[WhiteElo "2266"]
[BlackElo "2035"]
[PlyCount "63"]

1. c4 e6 2. d4 d5 3. Nc3 f5 4. g3 c6 5. Bg2 Bd6 6. Nh3 Nf6 7. O-O O-O 8. Bf4
Na6 9. Bxd6 Qxd6 10. Nf4 Rd8 11. e3 Rb8 12. Nd3 dxc4 13. Ne5 Bd7 14. Nxc4 Qb4
15. Qe2 Nd5 16. Rac1 Be8 17. Ne5 Nb6 18. Rc2 Qe7 19. Bxc6 bxc6 20. Qxa6 c5 21.
Ne2 Nd5 22. Qa3 cxd4 23. Qxe7 Nxe7 24. Nxd4 Rd5 25. f4 Rd6 26. Rfc1 Nd5 27. Rc8
Rxc8 28. Rxc8 Kf8 29. Kf2 Ke7 30. a3 Rb6 31. Nc4 Rb7 32. Rxe8+ 1-0

[Event "Andalucia Absoluto"]
[Site "?"]
[Date "2007.??.??"]
[Round "?"]
[White "Carrabeo Garcia, Manuel"]
[Black "Quesada Aguilera, Antonio"]
[Result "1/2-1/2"]
[WhiteElo "2185"]
[BlackElo "2083"]
[PlyCount "99"]

1. d4 d5 2. Bf4 Nf6 3. e3 g6 4. Nf3 Bg7 5. Be2 O-O 6. Nc3 c6 7. Ne5 Be6 8. h4
Qa5 9. a3 Ne4 10. b4 Nxc3 11. Qd3 Qd8 12. Qxc3 f6 13. Nd3 Bf7 14. Nc5 Qc8 15.
h5 g5 16. Bxb8 Rxb8 17. Nd3 Re8 18. Qb3 e5 19. c3 b6 20. Kd2 c5 21. Qb2 c4 22.
Ne1 exd4 23. cxd4 b5 24. Rc1 Qe6 25. g3 Bf8 26. Bf3 Bd6 27. Qc3 g4 28. Be2 Kh8
29. Ng2 a5 30. Nf4 Qf5 31. Rh4 axb4 32. axb4 Bxf4 33. gxf4 Rg8 34. Rg1 Bxh5 35.
Bd1 Ra8 36. Bc2 Ra2 37. Kc1 Rxc2+ 38. Qxc2 Qxc2+ 39. Kxc2 Bg6+ 40. Kc3 Ra8 41.
Rhxg4 f5 42. Rh4 Kg7 43. Rb1 Ra2 44. Rb2 Ra1 45. Rh2 Kf6 46. Kc2 Ke6 47. Rb1
Ra2+ 48. Rb2 Ra1 49. Rb1 Ra2+ 50. Rb2 1/2-1/2

[Event "Andalucia Absoluto"]
[Site "?"]
[Date "2007.??.??"]
[Round "?"]
[White "Pedraza Fernandez, Miguel A"]
[Black "Gonzalez Galvan, Juan Manuel"]
[Result "0-1"]
[WhiteElo "1971"]
[BlackElo "2285"]
[PlyCount "74"]

1. d4 Nf6 2. Nc3 c5 3. Bg5 cxd4 4. Bxf6 dxc3 5. Bxc3 d5 6. Nf3 Nc6 7. e4 dxe4
8. Qxd8+ Nxd8 9. Ne5 a6 10. O-O-O Be6 11. Bc4 Rc8 12. Ba5 Bxc4 13. Nxc4 Ne6 14.
Nb6 Rc6 15. Rhe1 f5 16. f3 exf3 17. gxf3 g6 18. Nd7 Bh6+ 19. Kb1 Bf4 20. Bc3
Rg8 21. Be5 Bxe5 22. Rxe5 Rd6 23. Rxd6 exd6 24. Nf6+ Kf7 25. Rxe6 Rd8 26. Re3
Kxf6 27. f4 Rd7 28. b3 h6 29. Rh3 h5 30. Rd3 g5 31. fxg5+ Kxg5 32. c4 f4 33. h3
Rf7 34. Rf3 Kf5 35. Kc2 Ke4 36. Rf1 Ke3 37. Kd1 f3 0-1

[Event "Andalucia Absoluto"]
[Site "?"]
[Date "2007.??.??"]
[Round "?"]
[White "Martinez Rubi, Alberto"]
[Black "Naranjo Moreno, Antonio"]
[Result "1-0"]
[WhiteElo "1928"]
[BlackElo "2221"]
[PlyCount "59"]

1. e4 e5 2. Nf3 Nc6 3. Bb5 a6 4. Ba4 Nf6 5. O-O Nxe4 6. d4 b5 7. Bb3 d5 8. dxe5
Be6 9. c3 Bc5 10. Nbd2 O-O 11. Bc2 Nxf2 12. Rxf2 f6 13. exf6 Bxf2+ 14. Kxf2
Qxf6 15. Kg1 g5 16. Qe1 h6 17. Qg3 Rf7 18. Nb3 Re8 19. Be3 Bf5 20. Nfd4 Bxc2
21. Nxc2 Qg6 22. Ncd4 Ne5 23. Nd2 Qd3 24. Rf1 Rxf1+ 25. Nxf1 Nc4 26. Bc1 Qd1
27. Bxg5 hxg5 28. Qxg5+ Kf8 29. Qf6+ Kg8 30. Nf5 1-0

[Event "Andalucia Absoluto"]
[Site "?"]
[Date "2007.??.??"]
[Round "?"]
[White "Cruz Ravina, Francisco J"]
[Black "Fernandez Siles, Luis"]
[Result "0-1"]
[WhiteElo "2303"]
[BlackElo "2266"]
[PlyCount "102"]

1. Nf3 f5 2. d3 d6 3. e4 e5 4. Nc3 Nf6 5. g3 Be7 6. Bg2 Nc6 7. O-O fxe4 8. dxe4
O-O 9. Ne1 Bg4 10. f3 Bh5 11. Be3 Kh8 12. Qd2 Qd7 13. Kh1 Rae8 14. f4 exf4 15.
gxf4 a6 16. Nd3 Bd8 17. Bg1 Qg4 18. Rae1 Qg6 19. Qf2 Nd7 20. Nd5 Nce5 21. f5
Qh6 22. Qg3 c6 23. Be3 g5 24. Nxe5 Nxe5 25. Nc3 Bf6 26. Qh3 Bg7 27. Bc1 Bg4 28.
Qxh6 Bxh6 29. Ne2 Bxe2 30. Rxe2 Rf6 31. Be3 g4 32. Rd1 Bxe3 33. Rxe3 Kg7 34. b3
Kf7 35. Bf1 a5 36. Bc4+ Nxc4 37. bxc4 Rxf5 38. exf5 Rxe3 39. Rxd6 Re2 40. Rd7+
Kf6 41. Rxh7 Rxc2 42. Rxb7 Rxc4 43. Ra7 a4 44. Ra5 c5 45. a3 Kxf5 46. Ra8 Kf4
47. Rf8+ Ke3 48. Kg2 Rd4 49. Ra8 c4 50. Rxa4 c3 51. Ra7 c2 0-1

[Event "Andalucia Absoluto"]
[Site "?"]
[Date "2007.??.??"]
[Round "?"]
[White "Gonzalez Galvan, Juan Manuel"]
[Black "Garrido Dominguez, Jesus"]
[Result "1/2-1/2"]
[WhiteElo "2285"]
[BlackElo "2347"]
[PlyCount "36"]

1. e4 e5 2. f4 Bc5 3. Nf3 d6 4. Nc3 Nf6 5. Bc4 Nc6 6. d3 Bg4 7. Na4 O-O 8. Nxc5
dxc5 9. O-O Nh5 10. h3 Bxf3 11. Qxf3 Nxf4 12. Bxf4 Nd4 13. Qh5 exf4 14. Rxf4 g6
15. Rg4 b5 16. Rxg6+ hxg6 17. Qxg6+ Kh8 18. Qh6+ Kg8 1/2-1/2

[Event "Andalucia Absoluto"]
[Site "?"]
[Date "2007.??.??"]
[Round "?"]
[White "Robles Garcia, Claudia"]
[Black "Martinez Rubi, Alberto"]
[Result "1/2-1/2"]
[WhiteElo "2153"]
[BlackElo "1928"]
[PlyCount "108"]

1. e4 e6 2. Nf3 d5 3. Nc3 Nf6 4. e5 Nfd7 5. d4 c5 6. dxc5 Nc6 7. Bf4 Bxc5 8.
Bd3 Nb4 9. O-O Nxd3 10. cxd3 O-O 11. Qe2 a6 12. Rae1 b5 13. Be3 Qa5 14. Nd4
Bxd4 15. Bxd4 b4 16. Nd1 Nb8 17. Qg4 Nc6 18. Re3 Nxd4 19. Qxd4 Rb8 20. Rg3 Qd8
21. Ne3 f5 22. exf6 Qxf6 23. Qxf6 Rxf6 24. Ng4 Rf8 25. Ne5 Rb7 26. Rc1 Bd7 27.
Nxd7 Rxd7 28. Re3 Rd6 29. Kf1 Rf7 30. Ke2 Kf8 31. g3 Ke7 32. f4 Kd7 33. Kd2 Re7
34. Ree1 Re8 35. Ke3 Rc8 36. Rxc8 Kxc8 37. Rc1+ Kd7 38. Kd4 Rb6 39. Ke5 Rb5 40.
g4 Ra5 41. Rc2 Rxa2 42. f5 exf5 43. gxf5 Ra1 44. Kxd5 Rf1 45. Ke5 Re1+ 46. Kd4
Rf1 47. Ke4 Re1+ 48. Kd4 Rf1 49. Rg2 Rxf5 50. Rxg7+ Ke8 51. Rxh7 Rf2 52. b3 a5
53. Rh5 Rb2 54. Rxa5 Rxb3 1/2-1/2

[Event "Andalucia Absoluto"]
[Site "?"]
[Date "2007.??.??"]
[Round "?"]
[White "Rios del Moral, Neftali"]
[Black "Carrabeo Garcia, Manuel"]
[Result "1-0"]
[WhiteElo "2167"]
[BlackElo "2185"]
[PlyCount "71"]

1. d4 Nf6 2. Nf3 d5 3. Bf4 e6 4. e3 c5 5. c3 Nc6 6. Nbd2 Bd6 7. Ne5 Qc7 8. Ndf3
Ne4 9. Nxc6 Bxf4 10. Nce5 Bxe5 11. Nxe5 O-O 12. f3 cxd4 13. exd4 f6 14. Ng4 Nd6
15. Bd3 e5 16. dxe5 fxe5 17. Ne3 Be6 18. Qd2 e4 19. Be2 Rad8 20. Qd4 Nf5 21.
Nxf5 Bxf5 22. O-O b6 23. Rad1 Kh8 24. fxe4 Bxe4 25. Qe3 Qc5 26. Rd4 Rfe8 27.
Qd2 Re6 28. Rf2 Rde8 29. Bg4 Re5 30. Bd7 Rf8 31. h3 h6 32. Bg4 Rfe8 33. Qf4 Bg6
34. Bf3 Kh7 35. Kh2 Rf8 36. Qxe5 1-0

[Event "Andalucia Absoluto"]
[Site "?"]
[Date "2007.??.??"]
[Round "?"]
[White "Jimenez Bernal, Francisco"]
[Black "Camacho Collados, Jose"]
[Result "0-1"]
[WhiteElo "2107"]
[BlackElo "2308"]
[PlyCount "52"]

1. d4 Nf6 2. c4 g6 3. Nc3 d5 4. Nf3 Bg7 5. Qb3 dxc4 6. Qxc4 O-O 7. e4 Na6 8.
Be2 c5 9. d5 e6 10. O-O exd5 11. exd5 Re8 12. Be3 Bf5 13. Rad1 Ne4 14. Nxe4
Rxe4 15. Qc1 Qb6 16. b3 Nb4 17. Bxc5 Nxa2 18. Qa3 Qc7 19. Bd3 Nc3 20. Bxe4 Bxe4
21. d6 Qc6 22. d7 Rd8 23. Rde1 Qxd7 24. Re3 Bxf3 25. Rxf3 Ne2+ 26. Kh1 Qd1 0-1

[Event "Andalucia Absoluto"]
[Site "?"]
[Date "2007.??.??"]
[Round "?"]
[White "Fernandez Siles, Luis"]
[Black "Gonzalez Galvan, Juan Manuel"]
[Result "1-0"]
[WhiteElo "2266"]
[BlackElo "2285"]
[PlyCount "74"]

1. e4 c5 2. Nf3 Nc6 3. Nc3 g6 4. Bb5 Bg7 5. O-O f6 6. d4 cxd4 7. Nxd4 Nh6 8.
Nf5 Nxf5 9. exf5 d6 10. Bd3 gxf5 11. Qh5+ Kf8 12. Bxf5 Qa5 13. Bg4 Qxh5 14.
Bxh5 Bf5 15. Nd5 Bxc2 16. Nc7 Rc8 17. Ne6+ Kg8 18. Re1 Bg6 19. Bf3 Bf8 20. Bd2
Nd8 21. Nxd8 Rxd8 22. Rac1 Rd7 23. Rc8 d5 24. Bg4 f5 25. Bd1 Kf7 26. Ba4 Rd6
27. Bb4 Bg7 28. Rxh8 Bxh8 29. Bxd6 exd6 30. Be8+ Kf8 31. Bxg6 hxg6 32. b3 Bc3
33. Re6 Kf7 34. Rxd6 d4 35. Kf1 g5 36. Ke2 Ke7 37. Rg6 g4 1-0

[Event "Andalucia Absoluto"]
[Site "?"]
[Date "2007.??.??"]
[Round "?"]
[White "Garrido Dominguez, Jesus"]
[Black "Rios del Moral, Neftali"]
[Result "0-1"]
[WhiteElo "2347"]
[BlackElo "2167"]
[PlyCount "84"]

1. e4 e5 2. Nf3 Nc6 3. d4 exd4 4. Nxd4 Nf6 5. Nxc6 bxc6 6. e5 Qe7 7. Qe2 Nd5 8.
Nd2 Qe6 9. Nf3 Bb4+ 10. Bd2 Bxd2+ 11. Qxd2 Qg4 12. c4 Qe4+ 13. Qe2 Qxe2+ 14.
Bxe2 Nf4 15. Bf1 a5 16. O-O-O Ba6 17. Nd4 Ne6 18. Nb3 a4 19. Nd2 Ke7 20. g3
Rhb8 21. f4 Nc5 22. Kc2 Rb4 23. b3 Rab8 24. Rb1 d5 25. exd6+ cxd6 26. Kc3 axb3
27. axb3 Bc8 28. Bg2 Bf5 29. Rhe1+ Kd7 30. Ra1 Rxb3+ 31. Nxb3 Rxb3+ 32. Kd2
Rb2+ 33. Ke3 Rxg2 34. Ra7+ Kd8 35. Rd1 Bd3 36. Rxf7 Re2+ 37. Kf3 Re7 38. Rf8+
Re8 39. Rxe8+ Kxe8 40. Ke3 Bxc4 41. Rxd6 Bd5 42. Kd4 Nd7 0-1

[Event "Andalucia Absoluto"]
[Site "?"]
[Date "2007.??.??"]
[Round "?"]
[White "Martinez Rubi, Alberto"]
[Black "Galvez Extremera, Francisco"]
[Result "1/2-1/2"]
[WhiteElo "1928"]
[BlackElo "2129"]
[PlyCount "79"]

1. e4 c6 2. d4 d5 3. Nc3 dxe4 4. Nxe4 Nf6 5. Ng3 e6 6. Nf3 Be7 7. Bd3 b6 8. O-O
Bb7 9. Re1 Nbd7 10. c4 O-O 11. Ne5 c5 12. Nxd7 Qxd7 13. dxc5 Rfd8 14. Bc2 Qc6
15. Qf3 Qxf3 16. gxf3 Bxc5 17. Ne4 Nxe4 18. fxe4 Bb4 19. Re2 Rd7 20. Be3 Rad8
21. f3 Be7 22. Rc1 Bf6 23. b3 Be7 24. Kf2 e5 25. Ree1 Bh4+ 26. Ke2 Bxe1 27.
Rxe1 Rd6 28. h4 Rg6 29. Bf2 Ba6 30. Rc1 Rg2 31. Ke3 Kf8 32. Bd1 Ke7 33. Be2 f6
34. c5 Bxe2 35. Kxe2 Rc8 36. cxb6 Rxc1 37. b7 Rc2+ 38. Kd3 Rgxf2 39. b8=Q Rfd2+
40. Ke3 1/2-1/2

[Event "Andalucia Absoluto"]
[Site "?"]
[Date "2007.??.??"]
[Round "?"]
[White "Camacho Collados, Jose"]
[Black "Cruz Ravina, Francisco J"]
[Result "0-1"]
[WhiteElo "2308"]
[BlackElo "2303"]
[PlyCount "84"]

1. c4 e6 2. g3 d5 3. Nf3 Nf6 4. Bg2 Be7 5. O-O O-O 6. b3 b6 7. Bb2 Bb7 8. e3 c5
9. d3 dxc4 10. bxc4 Nc6 11. Qe2 Qc7 12. Nc3 Rad8 13. Rad1 Qb8 14. Ne1 Ne8 15.
f4 Nd6 16. g4 Rfe8 17. g5 e5 18. Nd5 exf4 19. Rxf4 Bxg5 20. Rg4 Bh6 21. Nf6+
Kh8 22. Nxe8 Rxe8 23. Bxc6 Bxc6 24. e4 f5 25. Rh4 Re6 26. e5 Rg6+ 27. Kf2 Nf7
28. Nf3 Qd8 29. Rh5 Rg4 30. e6 Ng5 31. Ne5 Rg2+ 32. Kf1 Rxe2 33. Kxe2 Qe8 34.
Rxh6 Kg8 35. Rh4 Qxe6 36. Kd2 Qd6 37. Kc1 Ne6 38. Re1 Be8 39. Nf3 Qxd3 40. Rxe6
Ba4 41. Re8+ Bxe8 42. Ne5 Qf1+ 0-1

[Event "Andalucia Absoluto"]
[Site "?"]
[Date "2007.??.??"]
[Round "?"]
[White "Jimenez de la Torre, Jose Antonio"]
[Black "Robles Garcia, Claudia"]
[Result "1/2-1/2"]
[WhiteElo "2150"]
[BlackElo "2153"]
[PlyCount "92"]

1. e4 c5 2. Nf3 d6 3. d4 cxd4 4. Nxd4 Nf6 5. Nc3 a6 6. Bg5 e6 7. f4 Qc7 8. Qf3
b5 9. a3 Nbd7 10. Bd3 Bb7 11. O-O-O Qb6 12. Bxf6 Nxf6 13. Rhe1 Be7 14. Qh3 Nd7
15. Nf3 O-O-O 16. f5 Bf6 17. fxe6 fxe6 18. Qxe6 b4 19. axb4 Qxb4 20. e5 Rhe8
21. Qxd6 Qf4+ 22. Kb1 Nxe5 23. Qc5+ Kb8 24. Nxe5 Bxe5 25. g3 Qf6 26. Ne4 Qh6
27. Nc3 Rc8 28. Qb4 Qc6 29. Be4 Bxc3 30. Bxc6 Bxb4 31. Bxe8 Bf3 32. Bd7 Rd8 33.
c3 Bxd1 34. Rxd1 Be7 35. Kc2 Kc7 36. Bf5 Rxd1 37. Kxd1 h6 38. Ke2 a5 39. Kd3
Kb6 40. Kc4 Bc5 41. h3 Bf2 42. g4 Bc5 43. Bd7 Be3 44. Kd5 Bc1 45. b3 Bd2 46. c4
Bb4 1/2-1/2

[Event "Andalucia Absoluto"]
[Site "?"]
[Date "2007.??.??"]
[Round "?"]
[White "Rios del Moral, Neftali"]
[Black "Fernandez Siles, Luis"]
[Result "0-1"]
[WhiteElo "2167"]
[BlackElo "2266"]
[PlyCount "58"]

1. d4 d5 2. Nf3 Nf6 3. g3 c6 4. Bg2 Bf5 5. O-O e6 6. b3 Nbd7 7. Nbd2 Bd6 8. Nh4
O-O 9. Nxf5 exf5 10. e3 Qe7 11. c4 h5 12. Qc2 g6 13. a4 Kg7 14. h4 Ne4 15. Nf3
Ndf6 16. Ne5 Ng4 17. f3 Nxg3 18. fxg4 hxg4 19. e4 dxe4 20. Re1 Qxh4 21. Bf4 Rh8
22. Nxg6 fxg6 23. Bxd6 Qh2+ 24. Kf2 Nh1+ 25. Ke3 Qxd6 26. Bxh1 Rh2 27. Re2 Qg3+
28. Kd2 Rxe2+ 29. Kxe2 Qh2+ 0-1

[Event "Andalucia Absoluto"]
[Site "?"]
[Date "2007.??.??"]
[Round "?"]
[White "Cruz Ravina, Francisco"]
[Black "Martinez Rubi, Alberto"]
[Result "1-0"]
[WhiteElo "2303"]
[BlackElo "1928"]
[PlyCount "123"]

1. e4 e6 2. d4 d5 3. Bd3 dxe4 4. Bxe4 Nf6 5. Bd3 c5 6. dxc5 Bxc5 7. Nf3 O-O 8.
O-O Nc6 9. a3 a6 10. Nc3 h6 11. Bd2 Qc7 12. Qc1 Ne5 13. Nxe5 Qxe5 14. Bxh6 Bd6
15. g3 Qh5 16. Bg5 Ng4 17. Bh4 Nxh2 18. Kxh2 Qxh4+ 19. Kg2 Qh6 20. Rh1 Qxc1 21.
Bh7+ Kh8 22. Raxc1 g6 23. Bxg6+ Kg7 24. Bd3 f5 25. Rh4 Bd7 26. Rch1 Bc6+ 27. f3
Rh8 28. Rxh8 Rxh8 29. Rxh8 Kxh8 30. Ne2 Kg7 31. Nd4 Bd7 32. f4 Kf6 33. Kf2 e5
34. fxe5+ Kxe5 35. Ke3 Be7 36. Nf3+ Kd5 37. Nh4 Bg5+ 38. Kf3 Ke5 39. Ng6+ Kf6
40. Nf4 Bc6+ 41. Ke3 Ke5 42. Be2 Be4 43. c3 Bc6 44. b4 Be4 45. c4 Bc2 46. c5
Be4 47. Bf3 Bxf3 48. Kxf3 Bxf4 49. gxf4+ Kd4 50. Kg3 Kc4 51. Kh4 Kb3 52. Kg5
Kxa3 53. Kxf5 Kxb4 54. Ke6 a5 55. c6 bxc6 56. f5 c5 57. f6 a4 58. f7 c4 59.
f8=Q+ Kb3 60. Qf1 c3 61. Qb1+ Ka3 62. Kd5 1-0

[Event "Andalucia Absoluto"]
[Site "?"]
[Date "2007.??.??"]
[Round "?"]
[White "Galvez Extremera, Francisco"]
[Black "Barrenechea Bahamonde, Gustavo"]
[Result "1/2-1/2"]
[WhiteElo "2129"]
[BlackElo "2200"]
[PlyCount "113"]

1. e4 c5 2. Nf3 d6 3. d4 cxd4 4. c3 Nf6 5. e5 dxe5 6. Nxe5 Qa5 7. Qxd4 Nbd7 8.
Bf4 e6 9. Nc4 Qd5 10. Nd6+ Bxd6 11. Qxd5 Nxd5 12. Bxd6 N7b6 13. c4 Ne7 14. Nc3
Bd7 15. Be2 Nf5 16. Bc5 Bc6 17. O-O Nd7 18. Ba3 Nd4 19. Bd1 Ne5 20. b3 O-O-O
21. Bc1 h5 22. Be3 h4 23. f4 Nd3 24. Nb5 Nxb5 25. cxb5 Bxb5 26. Bxa7 Nb2 27.
Rc1+ Kd7 28. Rf2 Nxd1 29. Rxd1+ Kc7 30. Rc1+ Bc6 31. b4 Rd5 32. a4 Ra8 33. b5
Rxa7 34. bxc6 bxc6 35. Rfc2 Ra6 36. Rc4 Rd2 37. f5 h3 38. fxe6 Rxg2+ 39. Kh1
fxe6 40. Rh4 Rg6 41. Rcc4 Rb6 42. Rb4 Rf6 43. Kg1 Rf3 44. Rhf4 Rxb4 45. Rxb4 c5
46. Rg4 Kb6 47. Rxg7 c4 48. Re7 c3 49. Rxe6+ Ka5 50. Re4 Rd3 51. Rc4 Rd1+ 52.
Kf2 Rd2+ 53. Kg3 Rd3+ 54. Kf2 Rd2+ 55. Kg3 Rd3+ 56. Kf2 Rd2+ 57. Kg3 1/2-1/2

[Event "Andalucia Absoluto"]
[Site "?"]
[Date "2007.??.??"]
[Round "?"]
[White "Naranjo Moreno, Antonio"]
[Black "Camacho Collados, Marcos"]
[Result "0-1"]
[WhiteElo "2221"]
[BlackElo "2180"]
[PlyCount "112"]

1. e4 e5 2. Nf3 d6 3. d4 exd4 4. Qxd4 Nf6 5. Nc3 Be7 6. Bg5 O-O 7. O-O-O Nc6 8.
Qd2 a6 9. Qf4 h6 10. Bxf6 Bxf6 11. Nd5 Re8 12. Bd3 Be5 13. Nxe5 Nxe5 14. Be2 b5
15. Qd2 Be6 16. f4 Nd7 17. Bf3 Bxd5 18. Qxd5 Qf6 19. g3 Nb6 20. Qc6 Rac8 21.
Bg4 Nc4 22. e5 Nxe5 23. fxe5 Qg5+ 24. Kb1 Qxg4 25. exd6 cxd6 26. Qxa6 Re2 27.
Qxd6 Rcxc2 28. Qb8+ Kh7 29. Qxb5 Qg6 30. Ka1 Qf6 31. Rb1 g6 32. Rhf1 Qe6 33. h4
Kg7 34. Rfc1 Re5 35. Qd3 Rce2 36. Rc3 Re1 37. Qd4 Kh7 38. a3 Rd5 39. Qa4 Re4
40. Qa7 Re2 41. Rf3 Kg7 42. Qa4 Qe5 43. Qb3 Red2 44. Rbf1 f5 45. Re3 Rb5 46.
Rxe5 Rxb3 47. Rb1 Rxg3 48. Ra5 f4 49. Ra4 g5 50. Rc1 Kg6 51. Ra6+ Kh5 52. Rf6
Kxh4 53. a4 Rd4 54. Rxh6+ Kg4 55. Ra6 f3 56. Rf1 Rf4 0-1

[Event "Andalucia Absoluto"]
[Site "?"]
[Date "2007.??.??"]
[Round "?"]
[White "Carrabeo Garcia, Manuel"]
[Black "Garrido Dominguez, Jesus"]
[Result "1-0"]
[WhiteElo "2185"]
[BlackElo "2347"]
[PlyCount "50"]

1. d4 Nf6 2. Nf3 g6 3. Nc3 c5 4. dxc5 Bg7 5. e4 Qa5 6. Bd3 Na6 7. O-O Nxc5 8.
Re1 Ng4 9. h3 Nxd3 10. Qxd3 Ne5 11. Nxe5 Bxe5 12. Bd2 Qa6 13. Qd5 d6 14. Nb5
Kd8 15. Rad1 Be6 16. Qd3 Rc8 17. b3 Qxa2 18. c4 Ke8 19. f4 Bg7 20. e5 dxe5 21.
Bb4 f6 22. Nd6+ Kf8 23. Nxc8 Kf7 24. Nxe7 e4 25. Qd4 a6 1-0

[Event "Andalucia Absoluto"]
[Site "?"]
[Date "2007.??.??"]
[Round "?"]
[White "Gonzalez Galvan, Juan Manuel"]
[Black "Gavilan Diaz, Mario"]
[Result "0-1"]
[WhiteElo "2285"]
[BlackElo "2244"]
[PlyCount "37"]

1. e4 e6 2. d4 d5 3. e5 c5 4. c3 Qb6 5. Nf3 Bd7 6. Bd3 Bb5 7. dxc5 Bxc5 8. b4
Bxd3 9. Qxd3 Be7 10. a4 Nc6 11. Na3 f6 12. Be3 Qd8 13. Bf4 fxe5 14. Nxe5 Nf6
15. Qh3 O-O 16. Qxe6+ Kh8 17. Nf7+ Rxf7 18. Qxf7 Qd7 19. O-O 0-1

[Event "Andalucia Absoluto"]
[Site "?"]
[Date "2007.??.??"]
[Round "?"]
[White "Robles Garcia, Claudia"]
[Black "Camacho Collados, Jose"]
[Result "0-1"]
[WhiteElo "2153"]
[BlackElo "2308"]
[PlyCount "90"]

1. e4 c6 2. d4 d5 3. Nc3 g6 4. h3 Bg7 5. Nf3 Nf6 6. e5 Ne4 7. Nxe4 dxe4 8. Ng5
c5 9. e6 fxe6 10. dxc5 Qd5 11. Bb5+ Nc6 12. c4 Qxc5 13. O-O O-O 14. Nxe4 Qd4
15. Qe2 Rd8 16. Nc3 Qe5 17. Bxc6 Qxe2 18. Nxe2 bxc6 19. Rb1 e5 20. Be3 Bf5 21.
Rbc1 Bd3 22. Rfe1 a5 23. Bc5 Bh6 24. Rcd1 Bxc4 25. Rxd8+ Rxd8 26. Nc3 Rd2 27.
Ba3 Rc2 28. g3 Bd2 29. Rxe5 Bxc3 30. bxc3 Bd5 31. Rxe7 Rxa2 32. Bc1 Kf8 33. Re1
a4 34. Be3 Ke8 35. Bc5+ Kd8 36. Kf1 Kc8 37. Rb1 Bb3 38. Ke1 Kd7 39. Be3 Ke6 40.
Bc1 Kd5 41. Bd2 Ke4 42. Rc1 Kd3 43. Be3 a3 44. Bc5 Re2+ 45. Kf1 a2 0-1

[Event "Andalucia Absoluto"]
[Site "?"]
[Date "2007.??.??"]
[Round "?"]
[White "Fernandez Gutierrez, Rafael"]
[Black "Jimenez de la Torre, Jose Antonio"]
[Result "1/2-1/2"]
[WhiteElo "2231"]
[BlackElo "2150"]
[PlyCount "80"]

1. c4 Nc6 2. Nc3 e5 3. g3 Nf6 4. Bg2 Bc5 5. e3 O-O 6. Nge2 Re8 7. d3 d6 8. O-O
Bf5 9. a3 a5 10. Nd5 Nxd5 11. cxd5 Ne7 12. Nc3 Qd7 13. Rb1 b5 14. b4 axb4 15.
axb4 Bb6 16. Qc2 h5 17. e4 Bh3 18. Be3 Bxg2 19. Kxg2 f5 20. Qe2 Bd4 21. Rb3 c6
22. Bg5 Bxc3 23. Rxc3 cxd5 24. Rfc1 fxe4 25. dxe4 dxe4 26. Bxe7 Rxe7 27. Qxe4
d5 28. Qg6 Qb7 29. Kg1 h4 30. gxh4 Rf7 31. Qe6 d4 32. Rc7 Qf3 33. Rxf7 Qxf7 34.
Qxe5 d3 35. Qd4 Rf8 36. Rd1 Qg6+ 37. Kf1 Rf3 38. Qd5+ Qf7 39. Qa8+ Kh7 40. Qe4+
Kg8 1/2-1/2

[Event "Andalucia Absoluto"]
[Site "?"]
[Date "2007.??.??"]
[Round "?"]
[White "Fernandez Siles, Luis"]
[Black "Carrabeo Garcia, Manuel"]
[Result "1-0"]
[WhiteElo "2266"]
[BlackElo "2185"]
[PlyCount "123"]

1. d4 Nf6 2. c4 e6 3. Nc3 Bb4 4. e3 c5 5. Nge2 b6 6. a3 Ba5 7. Rb1 Qe7 8. Bd2
O-O 9. b4 cxb4 10. axb4 Bxb4 11. Rxb4 Qxb4 12. Nb5 Qe7 13. Nc7 Bb7 14. Nxa8
Bxa8 15. Qa4 a5 16. Ng3 d6 17. f3 Bc6 18. Qa3 Rd8 19. Bd3 Qb7 20. O-O d5 21. c5
Qe7 22. Rc1 Nbd7 23. Bb1 bxc5 24. Qxa5 c4 25. e4 Rc8 26. e5 Ne8 27. Qc3 Nc7 28.
f4 Nb5 29. Qc2 g6 30. Be3 Na3 31. Qe2 Nxb1 32. Rxb1 Qa3 33. Rf1 Rb8 34. f5 gxf5
35. Qf2 Rb2 36. Qf4 Qa2 37. Bf2 Nf8 38. Nxf5 exf5 39. Qxf5 Ne6 40. Bg3 Be8 41.
Qg4+ Kh8 42. Bh4 Rxg2+ 43. Qxg2 Qxg2+ 44. Kxg2 Nxd4 45. Kf2 Ne6 46. Bf6+ Kg8
47. Rg1+ Kf8 48. Rg3 Nc5 49. Ke3 Bd7 50. Kd4 Ne4 51. Ra3 c3 52. Ra8+ Be8 53.
Kxd5 c2 54. Rc8 Nf2 55. Rxc2 Ng4 56. Ke4 Bd7 57. Rb2 Bc6+ 58. Kf4 Nxf6 59. exf6
Ke8 60. Re2+ Kd8 61. Re7 Bd5 62. Kg5 1-0

[Event "Andalucia Absoluto"]
[Site "?"]
[Date "2007.??.??"]
[Round "?"]
[White "Camacho Collados, Marcos"]
[Black "Cruz Ravina, Francisco J"]
[Result "0-1"]
[WhiteElo "2180"]
[BlackElo "2303"]
[PlyCount "106"]

1. e4 c6 2. d4 d5 3. exd5 cxd5 4. Bd3 Nc6 5. c3 e5 6. dxe5 Nxe5 7. Bb5+ Nc6 8.
Nf3 Bc5 9. O-O Nge7 10. Nbd2 O-O 11. Nb3 Bb6 12. h3 Qd6 13. Nbd4 Nxd4 14. cxd4
Bf5 15. Re1 Ng6 16. Bd3 Bxd3 17. Qxd3 Rfe8 18. Bd2 Nf8 19. Qb5 Qd7 20. Qxd7
Nxd7 21. Rxe8+ Rxe8 22. Re1 Rxe1+ 23. Bxe1 Nf6 24. Kf1 Ne4 25. Ke2 f6 26. Kd3
Kf7 27. Ng1 Ng5 28. Ne2 Ne6 29. Bd2 Ke7 30. Bc3 f5 31. Bd2 Kd6 32. g4 fxg4 33.
hxg4 Ke7 34. Be3 g6 35. f4 Kf6 36. b4 Bc7 37. Nc3 Nxf4+ 38. Bxf4 Bxf4 39. Nxd5+
Kg5 40. Ke4 Bd6 41. b5 h5 42. gxh5 gxh5 43. Kf3 h4 44. Nc3 Kf5 45. Ne4 Ke6 46.
Kg4 Kd5 47. Nxd6 Kxd6 48. Kxh4 Kd5 49. Kg4 Kxd4 50. Kf4 b6 51. Kf5 Kc3 52. Ke4
Kb2 53. a4 Kb3 0-1

[Event "Andalucia Absoluto"]
[Site "?"]
[Date "2007.??.??"]
[Round "?"]
[White "Gavilan Diaz, Mario"]
[Black "Galvez Extremera, Francisco"]
[Result "0-1"]
[WhiteElo "2244"]
[BlackElo "2129"]
[PlyCount "64"]

1. e4 c5 2. Nf3 d6 3. d4 cxd4 4. Nxd4 Nf6 5. Nc3 g6 6. Be3 Bg7 7. f3 O-O 8. Qd2
Nc6 9. O-O-O Bd7 10. Kb1 Ne5 11. h4 Rc8 12. h5 Nxh5 13. g4 Nf6 14. Nd5 e6 15.
Nxf6+ Qxf6 16. Qh2 Rfd8 17. Qxh7+ Kf8 18. g5 Qe7 19. f4 Nc4 20. Bxc4 Rxc4 21.
Rh2 d5 22. f5 exf5 23. exf5 Bxf5 24. Nxf5 gxf5 25. Bc1 Qe5 26. Rdd2 Re4 27. Qh3
Re3 28. Qf1 Re1 29. Qb5 a6 30. Qb4+ Kg8 31. Rh3 Rxc1+ 32. Kxc1 Qe1+ 0-1